Music Quiz

Random Music Quiz
Score 0/20 Timer 10:00
0 Plays Today
Views Song % Correct
14,782,700 viewsTristam & Braken - Flight
96.5%
10,685,898 viewsPegboard Nerds - Disconnected
84.3%
4,855,541 viewsAero Chord - Surface
82.6%
7,734,024 viewsPegboard Nerds & Tristam - Razor Sharp
76.8%
3,976,920 viewsPegboard Nerds - Hero (feat. Elizaveta)
73.9%
3,518,026 viewsTristam & Braken - Frame of Mind
69.2%
3,620,419 viewsTristam - Till It's Over
64.8%
5,129,036 viewsPegboard Nerds - Self Destruct
64.6%
3,320,674 viewsBraken - To The Stars
63.4%
5,195,525 viewsTristam - Follow Me
62.9%
Views Song % Correct
3,481,642 viewsRogue - Adventure Time
49.1%
3,275,039 viewsFeint - Snake Eyes (feat. CoMa)
49.1%
2,753,977 viewsPegboard Nerds - Pressure Cooker
47.7%
3,177,957 viewsStephen Walking - Top of The World
47.2%
4,317,654 viewsOVERWERK - House (feat. Nick Nikon)
46%
3,284,560 viewsInsan3Lik3 - Bad Pitched
45.8%
3,430,738 viewsThrottle - Inspire
45.5%
2,733,301 viewsRogue - Dreams (feat. Laura Brehm)
42.7%
2,694,375 viewsTristam - I Remember
42%
2,439,100 viewsTristam & Stephen Walking - Too Simple
40.6%
Remove Ads.
Support Sporcle.
Get the best of Sporcle when you Go Orange. This ad-free experience offers more features, more stats, and more fun while also helping to support Sporcle. Thank you for becoming a member.

You're not logged in!

Compare scores with friends on all Sporcle quizzes.
OR
Log In

Show Comments

Extras

Created Jan 1, 2015ReportNominate
Tags:cat, Electronic Music

Top Quizzes Today


Score Distribution

Your Account Isn't Verified!

In order to create a playlist on Sporcle, you need to verify the email address you used during registration. Go to your Sporcle Settings to finish the process.

Report this User

Report this user for behavior that violates our Community Guidelines.

Details: